[Event "World Senior 65+ 2014"]
[Site "Katerini GRE"]
[Date "2014.10.27"]
[Round "4.17"]
[White "Gromark, Per-Olof"]
[Black "Kolbak, Jens"]
[Result "0-1"]
[WhiteElo "2050"]
[BlackElo "2232"]
[WhiteFideId "1722433"]
[BlackFideId "1400339"]
[EventDate "2014.10.24"]

1. Nf3 Nf6 2. c4 c5 3. g3 Nc6 4. Bg2 d5 5. cxd5 Nxd5 6. O-O e5 7. d3 Be7 8. Nc3
Nc7 9. Be3 O-O 10. Nd2 Nd4 11. Nc4 f6 12. Bxd4 exd4 13. Ne4 Be6 14. Qc2 Bd5 15.
a4 Kh8 16. a5 Na6 17. Rfc1 Rc8 18. Qd1 Nb4 19. Qf1 f5 20. Ned2 Bf6 21. Bxd5 Nxd5
22. Qg2 Re8 23. Re1 Qd7 24. Qf3 Nb4 25. Rac1 Rc6 26. Nb3 Bg5 27. Ncd2 b6 28.
axb6 axb6 29. Rcd1 b5 30. h4 Bxd2 31. Rxd2 Rc7 32. Rc1 Rec8 33. Ra1 Qe6 34. Nc1
h6 35. Ra8 Rc6 36. Rxc8+ Qxc8 37. Rd1 Qe6 38. Qf4 Rc8 39. Qf3 Nc6 40. Rd2 Rc7
41. Qf4 Rc8 42. Qf3 c4 43. dxc4 bxc4 44. Kf1 Qe4 45. Qxe4 fxe4 46. e3 d3 47. Na2
Na5 48. Nc3 Nb3 49. Rd1 Re8 50. Nb1 Kh7 51. Ke1 Kg6 52. Nd2 Nxd2 53. Kxd2 Rb8
54. Kc1 Kf5 55. Rd2 Kg4 0-1

[Event "World Senior 65+ 2014"]
[Site "Katerini GRE"]
[Date "2014.10.27"]
[Round "4.18"]
[White "Hohler, Peter"]
[Black "Koryabkin, Valery"]
[Result "1/2-1/2"]
[WhiteTitle "FM"]
[WhiteElo "2187"]
[BlackElo "2072"]
[WhiteFideId "1300296"]
[BlackFideId "24113115"]
[EventDate "2014.10.24"]

1. d4 d5 2. c4 c6 3. e3 Nf6 4. Nc3 e6 5. Nf3 Nbd7 6. Bd3 Bd6 7. e4 dxe4 8. Nxe4
Nxe4 9. Bxe4 Nf6 10. Bc2 Bb4+ 11. Bd2 Qa5 12. O-O Bxd2 13. Nxd2 O-O 14. Qe2 Rd8
15. Nf3 c5 16. dxc5 Qxc5 17. Rfd1 Bd7 18. Ne5 Bc6 19. Nxc6 Qxc6 20. Rxd8+ Rxd8
21. Rd1 Rc8 22. b3 Kf8 23. Bb1 b6 24. h3 h6 25. Qe5 Ke7 26. Qb2 Qc5 27. Qe2 1/2-1/2

[Event "World Senior 65+ 2014"]
[Site "Katerini GRE"]
[Date "2014.10.27"]
[Round "4.19"]
[White "Carlsten, Peter"]
[Black "Frumson, Yury"]
[Result "0-1"]
[BlackTitle "FM"]
[WhiteElo "2031"]
[BlackElo "2179"]
[WhiteFideId "1705067"]
[BlackFideId "4116402"]
[EventDate "2014.10.24"]

1. e4 e5 2. Nf3 Nc6 3. Bb5 a6 4. Ba4 d6 5. c3 Bd7 6. O-O Nge7 7. d4 Ng6 8. Nbd2
Be7 9. Re1 h6 10. Nf1 Bg5 11. Ne3 Bxe3 12. Bxe3 O-O 13. Nd2 Qf6 14. Qf3 Qe7 15.
Qh5 Qf6 16. Qf3 Qxf3 17. Nxf3 Rad8 18. d5 Nb8 19. Bc2 f5 20. exf5 Bxf5 21. Bxf5
Rxf5 22. c4 Nf4 23. Rad1 Rdf8 24. Nd2 Nd7 25. Ne4 Nf6 26. f3 Nxe4 27. fxe4 R5f7
28. Rd2 Nh5 29. h3 Nf6 30. Bf2 Nd7 31. Be3 a5 32. b3 b6 33. Rc2 Nc5 34. Bxc5
bxc5 35. Ree2 Rf1+ 36. Kh2 R8f4 37. g3 Rf7 38. Kg2 Rb1 39. Rf2 a4 40. Rxf7 Kxf7
41. Rf2+ Ke7 42. Rf1 Rb2+ 43. Rf2 a3 44. Kf3 Kf6 45. Ke3+ Kg6 46. Rd2 Rb1 47.
Rh2 Kg5 48. Kf3 Rf1+ 49. Ke2 Rc1 50. Kf3 Rc3+ 51. Kf2 h5 52. Rg2 Rc2+ 53. Kf3
Rc3+ 54. Ke2 Rc1 55. Kf3 Rc3+ 56. Ke2 h4 57. gxh4+ Kh6 58. Rf2 Rxh3 59. Rf7 Rh2+
60. Kd3 Rxa2 61. Rxc7 Rf2 62. Rc6 a2 63. Ra6 Kh5 64. Kc3 Kxh4 65. b4 Rf3+ 66.
Kb2 cxb4 67. Kxa2 Rc3 68. Rxd6 Rxc4 69. Rg6 Rxe4 70. Rxg7 Rd4 71. Kb3 e4 72. Re7
Kg4 73. d6 Kf3 74. d7 e3 75. Rf7+ Ke2 76. Kc2 Rd2+ 77. Kc1 b3 78. Rh7 Rd6 79.
Rh2+ Kd3 80. Kd1 Kc3+ 81. Kc1 Rxd7 82. Rc2+ Kd3 83. Rd2+ exd2+ 84. Kd1 Kc3 0-1

[Event "World Senior 65+ 2014"]
[Site "Katerini GRE"]
[Date "2014.10.27"]
[Round "4.20"]
[White "Bibilashvili, Giorgi"]
[Black "Benson, Lachlan"]
[Result "1-0"]
[WhiteElo "2169"]
[BlackElo "1998"]
[WhiteFideId "13601873"]
[BlackFideId "3205410"]
[EventDate "2014.10.24"]

1. e4 Nf6 2. e5 Nd5 3. c4 Nb6 4. d4 d6 5. f4 dxe5 6. fxe5 Nc6 7. Be3 Bf5 8. Nc3
e6 9. Nf3 Be7 10. Be2 O-O 11. O-O f6 12. exf6 Bxf6 13. Qd2 Bg4 14. Rad1 Qd7 15.
Ne4 Be7 16. b3 Bxf3 17. Bxf3 Rad8 18. Qe2 Qc8 19. Bg4 Rxf1+ 20. Qxf1 Rf8 21. Qe2
Nd8 22. d5 Kh8 23. Bg5 Bf6 24. c5 Na8 25. Nxf6 gxf6 26. dxe6 1-0

[Event "World Senior 65+ 2014"]
[Site "Katerini GRE"]
[Date "2014.10.27"]
[Round "4.21"]
[White "Marcovici, Adrian"]
[Black "Titz, Heimo"]
[Result "0-1"]
[BlackTitle "FM"]
[WhiteElo "2042"]
[BlackElo "2158"]
[WhiteFideId "2801175"]
[BlackFideId "1601520"]
[EventDate "2014.10.24"]

1. e4 c5 2. Nf3 e6 3. d4 cxd4 4. Nxd4 Nc6 5. Nb5 d6 6. c4 a6 7. N5c3 Nf6 8. Na3
Be7 9. Be2 O-O 10. Nc2 b6 11. O-O Bb7 12. Ne3 Qc7 13. f3 Rfd8 14. Bd2 Rac8 15.
Rc1 Ne5 16. Qe1 Qb8 17. b3 Bc6 18. a4 Qb7 19. b4 Ng6 20. b5 axb5 21. axb5 Be8
22. g3 d5 23. cxd5 exd5 24. Ncxd5 Nxd5 25. Nxd5 Bc5+ 26. Kg2 Bd7 27. Bb4 Be6 28.
Bxc5 bxc5 29. Nc3 Rd4 30. Rc2 Qd7 31. Rf2 Bh3+ 32. Kg1 Rd8 33. Bf1 Ne5 34. Bxh3
Qxh3 35. Qf1 Qe6 36. Kg2 Nd3 37. Rfe2 Nb4 38. Rb2 Nd3 39. Rb1 Nb4 40. Rbb2 Qc4
41. Nd5 Qxb5 42. Red2 Rxd2+ 43. Rxd2 Qxf1+ 44. Kxf1 Kf8 45. Ke2 Nxd5 46. Rxd5
Rxd5 47. exd5 Ke7 48. Kd3 Kd6 49. Kc4 f5 50. h3 h6 51. g4 fxg4 52. fxg4 g5 53.
Kc3 Kxd5 54. Kd3 Ke5 0-1

[Event "World Senior 65+ 2014"]
[Site "Katerini GRE"]
[Date "2014.10.27"]
[Round "4.22"]
[White "Awawdeh, Fayez"]
[Black "Skalkotas, Nikolaos"]
[Result "0-1"]
[WhiteTitle "FM"]
[BlackTitle "IM"]
[WhiteElo "2012"]
[BlackElo "2150"]
[WhiteFideId "8100721"]
[BlackFideId "4200144"]
[EventDate "2014.10.24"]

1. d4 e6 2. c4 Bb4+ 3. Nc3 f5 4. g3 Nf6 5. Bg2 O-O 6. Qc2 Nc6 7. e3 d6 8. Bd2 e5
9. d5 Ne7 10. Nge2 c6 11. h3 cxd5 12. cxd5 Bd7 13. O-O Bxc3 14. Nxc3 Qe8 15. Qb3
b5 16. Qa3 Qb8 17. b4 a5 18. Rfd1 Rc8 19. Qb2 a4 20. a3 Qb7 21. Be1 Ng6 22. Rac1
e4 23. Bf1 Ne5 24. Qa2 Rc7 25. Kg2 Rac8 26. Be2 Be8 27. Qa1 Bh5 28. Bxh5 Nxh5
29. g4 Nf6 30. gxf5 Nd3 31. Rxd3 exd3 32. Qa2 Rc4 33. f3 Nxd5 34. e4 Nxc3 35.
Bxc3 d5 36. Qa1 dxe4 37. Kf2 Qa7+ 38. Kg2 Qe3 39. fxe4 d2 0-1

[Event "World Senior 65+ 2014"]
[Site "Katerini GRE"]
[Date "2014.10.27"]
[Round "4.23"]
[White "Archangelsky, Mikhail"]
[Black "Ben-Zeev, Moshe"]
[Result "1-0"]
[WhiteTitle "IM"]
[WhiteElo "2149"]
[BlackElo "1963"]
[WhiteFideId "4117573"]
[BlackFideId "2807203"]
[EventDate "2014.10.24"]

1. d4 d5 2. Nf3 Nf6 3. e3 e6 4. Bd3 c5 5. b3 Nc6 6. Bb2 cxd4 7. exd4 Bd7 8. a3
Rc8 9. Nbd2 Ne7 10. O-O Bc6 11. Ne5 g6 12. Qe2 Bg7 13. Rae1 O-O 14. Ndf3 Be8 15.
a4 Kh8 16. Ba3 Rc7 17. a5 Rg8 18. Bc5 Nc8 19. Ng5 b6 20. axb6 axb6 21. Bb4 Nh5
22. Bd2 Nd6 23. g4 Nf6 24. f3 Qc8 25. Bf4 Bf8 26. c4 h6 27. Nxg6+ fxg6 28. Nxe6
Bf7 29. Nxc7 Qxc7 30. Qe5 Kg7 31. h4 Qd8 32. g5 Ne8 33. gxf6+ Kh8 34. Kh2 Bd6
35. Qe3 Qxf6 36. Be5 Kh7 37. Kg2 Qd8 38. Bxd6 Nxd6 39. Qe7 Qb8 40. Re6 Qe8 1-0

[Event "World Senior 65+ 2014"]
[Site "Katerini GRE"]
[Date "2014.10.27"]
[Round "4.24"]
[White "Reynolds, D Ian W"]
[Black "Kiselev, Alexander"]
[Result "1-0"]
[WhiteElo "2006"]
[BlackElo "2122"]
[WhiteFideId "410705"]
[BlackFideId "14105900"]
[EventDate "2014.10.24"]

1. e4 e5 2. Nf3 Nc6 3. d4 exd4 4. Nxd4 Qh4 5. Nc3 Bb4 6. Be2 Qxe4 7. Nb5 Ba5 8.
O-O Qh4 9. Nd5 Qd8 10. c3 Nge7 11. Bg5 O-O 12. b4 Bb6 13. a4 f6 14. Bf4 Ne5 15.
Nxe7+ Qxe7 16. a5 c6 17. axb6 cxb5 18. Rxa7 Rb8 19. Bxb5 d6 20. Be3 f5 21. f4
Nc6 22. Re1 Nxa7 23. bxa7 Ra8 24. Bc5 Qh4 25. g3 Qf6 26. Bc4+ Kh8 27. Qxd6 Rd8
28. Qxf6 gxf6 29. Be7 1-0

[Event "World Senior 65+ 2014"]
[Site "Katerini GRE"]
[Date "2014.10.27"]
[Round "4.25"]
[White "Robinson, John K"]
[Black "Nickl, Klaus"]
[Result "1/2-1/2"]
[WhiteElo "1983"]
[BlackElo "2113"]
[WhiteFideId "406490"]
[BlackFideId "1601024"]
[EventDate "2014.10.24"]

1. d4 Nf6 2. c4 g6 3. Nc3 Bg7 4. Bg5 h6 5. Bh4 d6 6. e3 O-O 7. Nf3 g5 8. Bg3 Nh5
9. Be2 Nxg3 10. hxg3 Nd7 11. Qc2 e6 12. Rd1 c6 13. Ne4 d5 14. Nexg5 Nf6 15. Nh3
Qa5+ 16. Nd2 Qxa2 17. O-O Qa5 18. Nf4 Qd8 19. Ra1 Qe8 20. Nd3 Nd7 21. cxd5 exd5
22. Nf4 Nf6 23. Bd3 Qe7 24. Rfe1 Qd6 25. Nf3 1/2-1/2

[Event "World Senior 65+ 2014"]
[Site "Katerini GRE"]
[Date "2014.10.27"]
[Round "4.27"]
[White "Andreas, Guenter"]
[Black "Harding, Tim D"]
[Result "0-1"]
[WhiteElo "1992"]
[BlackElo "2095"]
[WhiteFideId "24625760"]
[BlackFideId "2500256"]
[EventDate "2014.10.24"]

1. e4 e6 2. g3 d5 3. Bg2 dxe4 4. Bxe4 Nf6 5. Bg2 c5 6. Nf3 Nc6 7. O-O Be7 8. Re1
O-O 9. b3 Nd5 10. Bb2 Bf6 11. d4 Nde7 12. c3 cxd4 13. cxd4 Nf5 14. Ne5 Nfxd4 15.
Nxc6 Nxc6 16. Bxf6 Qxf6 17. Nd2 Rd8 18. Ne4 Qe7 19. Qc2 Nd4 20. Qc5 Qxc5 21.
Nxc5 Rb8 22. Rac1 b6 23. Ne4 Kf8 24. Rc7 Rb7 25. Rxc8 Rxc8 26. Nd6 Rbc7 27. Nxc8
Rxc8 28. Rd1 Rc1 0-1

[Event "World Senior 65+ 2014"]
[Site "Katerini GRE"]
[Date "2014.10.27"]
[Round "4.28"]
[White "Reuben, Stewart"]
[Black "Tobar Salas, Juan Carlos"]
[Result "1-0"]
[WhiteTitle "CM"]
[WhiteElo "2089"]
[BlackElo "1538"]
[WhiteFideId "405256"]
[BlackFideId "3416682"]
[EventDate "2014.10.24"]

1. d4 Nf6 2. c4 d6 3. Nc3 g6 4. g3 Bg7 5. Bg2 c6 6. e4 O-O 7. Nge2 e5 8. O-O
exd4 9. Nxd4 Nbd7 10. h3 Nc5 11. Be3 Ne6 12. Qd2 Re8 13. Rad1 Nxd4 14. Bxd4 Re6
15. f4 Qe7 16. f5 Nxe4 17. Nxe4 Rxe4 18. f6 Rxd4 19. fxe7 1-0

[Event "World Senior 65+ 2014"]
[Site "Katerini GRE"]
[Date "2014.10.27"]
[Round "4.29"]
[White "Korenevski, Oleg"]
[Black "El Gheiadi, I."]
[Result "1-0"]
[WhiteElo "1915"]
[BlackElo "2085"]
[WhiteFideId "3206386"]
[BlackFideId "9200037"]
[EventDate "2014.10.24"]

1. d4 d5 2. Nf3 Nf6 3. Bf4 Bf5 4. e3 c6 5. Nc3 e6 6. a3 Be7 7. Ne5 Nbd7 8. Nxd7
Qxd7 9. Bd3 Bg6 10. h3 Bd6 11. Bxg6 fxg6 12. Bxd6 Qxd6 13. Qd3 O-O 14. O-O e5
15. dxe5 Qxe5 16. Qd4 Qf5 17. Rac1 a6 18. f3 Rae8 19. g4 Qe6 20. Rce1 h5 21. Kg2
Qd6 22. g5 Nd7 23. f4 h4 24. b4 Rf5 25. Rf3 Ref8 26. Ref1 R8f7 27. Ne2 Qe7 28.
Qa7 Qe4 29. Nd4 Rxf4 30. exf4 Rxf4 31. Kh2 Qe5 32. Rxf4 Qxg5 33. Ne2 Qe5 34. Kg1
Qxe2 35. Qa8+ 1-0

[Event "World Senior 65+ 2014"]
[Site "Katerini GRE"]
[Date "2014.10.27"]
[Round "4.30"]
[White "Davydov, Mihail"]
[Black "Kronlaks, Olafs"]
[Result "0-1"]
[WhiteElo "2076"]
[BlackElo "1836"]
[WhiteFideId "4679962"]
[BlackFideId "11604077"]
[EventDate "2014.10.24"]

1. e4 e6 2. d4 d5 3. e5 c5 4. c3 Qb6 5. Nf3 Bd7 6. a3 Bb5 7. Bxb5+ Qxb5 8. Qe2
Qb6 9. O-O Nc6 10. Be3 cxd4 11. cxd4 Nge7 12. b4 Nf5 13. Nc3 Be7 14. Na4 Qd8 15.
Rac1 O-O 16. Rc3 Qd7 17. Nc5 Bxc5 18. Rxc5 Rfc8 19. Rfc1 Nce7 20. g3 Rxc5 21.
Rxc5 Rc8 22. Qc2 h6 23. Bd2 Rxc5 24. Qxc5 Nc8 25. a4 Nb6 26. a5 Nc4 27. Qxa7 Qa4
28. Be1 Qd1 29. Kg2 Qe2 30. Nh4 Nce3+ 31. Kh3 Qg4# 0-1

[Event "World Senior 65+ 2014"]
[Site "Katerini GRE"]
[Date "2014.10.27"]
[Round "4.31"]
[White "Borensztajn, David"]
[Black "Wahlbom, Magnus"]
[Result "0-1"]
[WhiteElo "1940"]
[BlackElo "2283"]
[WhiteFideId "2106817"]
[BlackFideId "1700685"]
[EventDate "2014.10.24"]

1. d4 Nf6 2. Nf3 e6 3. Bf4 c5 4. c3 Nc6 5. e3 b6 6. Nbd2 Be7 7. h3 O-O 8. Bd3
Bb7 9. O-O Rc8 10. Rc1 cxd4 11. cxd4 Nb4 12. Bb1 Ba6 13. Re1 Nd3 14. Bxd3 Bxd3
15. Nb1 Rxc1 16. Qxc1 Qa8 17. Nc3 Ba6 18. a3 Rc8 19. Qd2 Bb7 20. Be5 Bxf3 21.
gxf3 Qxf3 22. Kh2 Ne4 23. Nxe4 Qxe4 24. Rc1 Rc6 25. Bg3 h5 26. Rxc6 Qxc6 27. Qe2
h4 28. Bf4 b5 29. e4 d5 30. exd5 Qxd5 31. Be3 Bf6 32. Qg4 a5 33. Qd1 e5 34. Qg4
exd4 35. Bd2 a4 0-1

[Event "World Senior 65+ 2014"]
[Site "Katerini GRE"]
[Date "2014.10.27"]
[Round "4.32"]
[White "Savolainen, Lev P."]
[Black "Lukovski, Lev"]
[Result "1-0"]
[WhiteTitle "FM"]
[WhiteElo "2083"]
[BlackElo "1917"]
[WhiteFideId "4135792"]
[BlackFideId "4634837"]
[EventDate "2014.10.24"]

1. d4 e6 2. e4 b6 3. Bd3 Bb7 4. Nf3 d6 5. O-O Nd7 6. Qe2 a6 7. Bf4 Ne7 8. h4 h6
9. Bg3 g6 10. Nbd2 Bg7 11. e5 d5 12. h5 g5 13. Bh2 c5 14. c3 Nc6 15. Qe3 cxd4
16. cxd4 Nb4 17. Bb1 Rc8 18. Ne1 a5 19. a3 Nc6 20. Bd3 O-O 21. f4 f5 22. g4 fxg4
23. f5 exf5 24. Bxf5 Ba6 25. Nd3 Rxf5 26. Rxf5 Qe8 27. Raf1 Qxh5 28. Rf7 Nf8 29.
Rxg7+ Kxg7 30. e6 Re8 31. Be5+ Kg8 32. Qf2 Nxe5 33. Nxe5 Nxe6 34. Qf6 Bxf1 35.
Nxf1 Ng7 36. Ng3 Qh3 37. Nf5 1-0

[Event "World Senior 65+ 2014"]
[Site "Katerini GRE"]
[Date "2014.10.27"]
[Round "4.33"]
[White "Krstic, Slobodan AUS"]
[Black "Topaloglu, Hayati"]
[Result "1-0"]
[WhiteElo "2038"]
[BlackElo "1848"]
[WhiteFideId "3203379"]
[BlackFideId "6310338"]
[EventDate "2014.10.24"]

1. e4 e6 2. f4 d5 3. e5 c5 4. Nf3 Nc6 5. c3 a6 6. d4 cxd4 7. cxd4 Bb4+ 8. Bd2
Nge7 9. a3 Bxd2+ 10. Qxd2 Bd7 11. Nc3 b5 12. b4 Qb6 13. Be2 Nf5 14. Rd1 Rc8 15.
Na2 Rc7 16. g4 Nfe7 17. O-O g6 18. Kg2 h5 19. h3 hxg4 20. hxg4 Kd8 21. Nc1 a5
22. Nb3 axb4 23. axb4 Ra7 24. Nc5 Kc7 25. Ra1 Rha8 26. Rxa7+ Rxa7 27. Qb2 Qb8
28. Rc1 Be8 29. Ra1 Nc8 30. Na6+ Rxa6 31. Rxa6 Qb7 32. Ra1 Kd8 33. Ne1 Qb6 34.
Nc2 N6a7 35. Bd3 Qb7 36. Qa3 Qc6 37. Ne3 Ke7 38. Rc1 Qb7 39. f5 Nb6 40. f6+ Kd8
41. Qa5 Nc6 42. Qa1 Nxb4 43. Qa3 Nxd3 44. Qd6+ Bd7 45. Qe7# 1-0

[Event "World Senior 65+ 2014"]
[Site "Katerini GRE"]
[Date "2014.10.27"]
[Round "4.34"]
[White "Borwell, Alan P"]
[Black "Hernandez M., Emilio Gustavo"]
[Result "1-0"]
[WhiteElo "2032"]
[BlackElo "1801"]
[WhiteFideId "2402335"]
[BlackFideId "3901475"]
[EventDate "2014.10.24"]

1. e4 c5 2. b3 Nc6 3. Bb2 d6 4. Bb5 Bd7 5. f4 e6 6. Nf3 a6 7. Bxc6 Bxc6 8. Qe2
Ne7 9. O-O Bd7 10. c4 Qc7 11. Kh1 Ng6 12. f5 Ne5 13. d4 cxd4 14. Nxd4 Be7 15.
Nd2 Bf6 16. Rac1 Qc5 17. a3 O-O 18. b4 Qb6 19. N2b3 Rac8 20. c5 dxc5 21. Nxc5
Bb5 22. Nxb5 axb5 23. fxe6 fxe6 24. Bxe5 Bxe5 25. Rxf8+ Rxf8 26. Nd7 Rf2 27. Qe1
Qd4 28. Rc8+ Kf7 29. Nxe5+ Ke7 30. Nf3 Qb2 31. Qd1 Rxg2 32. Rc7+ Kf6 33. e5+ Kg6
34. Nh4+ 1-0

[Event "World Senior 65+ 2014"]
[Site "Katerini GRE"]
[Date "2014.10.27"]
[Round "4.35"]
[White "Choong, Liong-On Mark"]
[Black "Morriss, Pete"]
[Result "0-1"]
[WhiteTitle "CM"]
[WhiteElo "1921"]
[BlackElo "2032"]
[WhiteFideId "5806410"]
[BlackFideId "2500230"]
[EventDate "2014.10.24"]

1. c4 Nf6 2. Nc3 e6 3. e4 e5 4. Nge2 Nc6 5. a3 a5 6. d4 d6 7. d5 Nb8 8. h3 Nbd7
9. Be3 g6 10. Ng3 Bg7 11. Bd3 O-O 12. Qd2 Nc5 13. Bc2 h5 14. Bg5 Qe8 15. O-O-O
Bd7 16. f4 Nh7 17. f5 Nxg5 18. Qxg5 Kh7 19. Kb1 Bh6 20. Qh4 b5 21. cxb5 Bxb5 22.
f6 Rg8 23. Nge2 Rb8 24. g4 Bxe2 25. Rde1 Bd3 26. Rh2 Bxc2+ 27. Rxc2 Nd3 28. Rd1
g5 29. Qg3 Nf4 30. Rdc1 Rb3 31. Qf3 h4 32. Qf1 Qb8 33. Na4 Rxa3 0-1

[Event "World Senior 65+ 2014"]
[Site "Katerini GRE"]
[Date "2014.10.27"]
[Round "4.36"]
[White "Haupt, Joachim"]
[Black "Blaushtain, Boris"]
[Result "0-1"]
[WhiteElo "1874"]
[BlackElo "2018"]
[WhiteFideId "4698487"]
[BlackFideId "2804638"]
[EventDate "2014.10.24"]

1. Nf3 Nf6 2. g3 d5 3. Bg2 c5 4. d4 cxd4 5. Nxd4 e5 6. Nb3 h6 7. O-O Nc6 8. Nc3
Be6 9. e4 d4 10. Ne2 Qb6 11. f4 d3+ 0-1

[Event "World Senior 65+ 2014"]
[Site "Katerini GRE"]
[Date "2014.10.27"]
[Round "4.37"]
[White "Rave, Avraham"]
[Black "Chirinos Cabrera, Cleren Jesus"]
[Result "1-0"]
[BlackTitle "CM"]
[WhiteElo "1838"]
[BlackElo "2009"]
[WhiteFideId "2805367"]
[BlackFideId "3900150"]
[EventDate "2014.10.24"]

1. d4 e6 2. c4 Nf6 3. Nf3 b6 4. e3 Bb7 5. Be2 Bb4+ 6. Bd2 a5 7. a3 Be7 8. O-O
Ne4 9. Nc3 O-O 10. Nxe4 Bxe4 11. Bc3 d5 12. Bd3 Nd7 13. cxd5 exd5 14. Qe2 Bd6
15. Ne5 Bxe5 16. dxe5 Nc5 17. Bb1 Qh4 18. f3 Bxb1 19. Raxb1 Qc4 20. Qf2 Rae8 21.
Qg3 Re6 22. Qf4 Nd3 23. Qxc4 dxc4 24. f4 a4 25. g4 Rh6 26. Kg2 Re8 27. Kg3 Rc6
28. Kf3 f6 29. exf6 Rce6 30. g5 Rxe3+ 31. Kg4 Re2 32. fxg7 c5 33. h4 b5 34. h5
b4 35. Bf6 Nf2+ 36. Kf5 Ne4 37. Rg1 c3 38. bxc3 bxc3 39. h6 Nd6+ 40. Kg4 c2 41.
Rbc1 Nc4 42. g6 Ne3+ 43. Kf3 Ng2 44. gxh7+ Kxh7 45. Be5 R2xe5 46. fxe5 Nh4+ 47.
Kf2 Ng6 48. Rxc2 Nxe5 49. Re2 Nd3+ 50. Kf1 Rg8 51. Rc2 Rb8 52. Rg3 Nf4 53. Rxc5
Ng6 54. Rc7 Rg8 55. Rc6 Ne7 56. Ra6 Rb8 57. Rf3 Ng8 58. Rf8 Rb1+ 59. Ke2 Rb2+
60. Kd1 Nxh6 61. Rh8+ Kxg7 62. Rhxh6 1-0

[Event "World Senior 65+ 2014"]
[Site "Katerini GRE"]
[Date "2014.10.27"]
[Round "4.38"]
[White "Belokopyt, Boris"]
[Black "Zurel, Maxim"]
[Result "1-0"]
[WhiteElo "1940"]
[BlackElo "1725"]
[WhiteFideId "4152530"]
[BlackFideId "816710"]
[EventDate "2014.10.24"]

1. e4 e5 2. Nf3 d6 3. Bc4 Be7 4. d4 exd4 5. Nxd4 Nf6 6. Qe2 O-O 7. O-O Nc6 8.
Nxc6 bxc6 9. Nc3 Bg4 10. Qe3 Be6 11. Ba6 Bc8 12. Be2 Ng4 13. Qg3 Bh4 14. Qd3 Ne5
15. Qd1 Re8 16. f4 Ng6 17. g3 Bf6 18. Bf3 Bd7 19. Be3 a5 20. Qd2 Rb8 21. Rab1
Qc8 22. Rfd1 Bg4 23. Qe2 Bxf3 24. Qxf3 Rb4 25. Bf2 Bxc3 26. Qxc3 Qa6 27. e5 c5
28. exd6 cxd6 29. Qd2 Rb6 30. a3 Re2 31. Qc3 Qb7 32. Re1 Rxe1+ 33. Rxe1 Rxb2 34.
Qxa5 Rxc2 35. Qd8+ Nf8 36. Re8 Rc1+ 37. Be1 h6 38. Rxf8+ Kh7 39. Rh8+ Kg6 40.
Qxd6+ f6 41. f5+ Kh5 42. Re8 Qf3 43. Qf4 Qxf4 44. gxf4 Kg4 45. Kf2 Kxf4 46. Bd2+ 1-0

[Event "World Senior 65+ 2014"]
[Site "Katerini GRE"]
[Date "2014.10.27"]
[Round "4.39"]
[White "Hmooda, Elhabib"]
[Black "Acosta, Mariano USA"]
[Result "0-1"]
[WhiteElo "1718"]
[BlackElo "1942"]
[WhiteFideId "9202528"]
[BlackFideId "2008629"]
[EventDate "2014.10.24"]

1. e4 d6 2. d4 Nf6 3. Nc3 c6 4. Bd3 e5 5. Nge2 g6 6. O-O Bg7 7. f4 Bg4 8. fxe5
dxe5 9. dxe5 Nfd7 10. h3 Bxe2 11. Qxe2 Nxe5 12. Be3 Nbd7 13. Rad1 Qe7 14. Qd2
O-O 15. Rf2 a6 16. Rdf1 Rad8 17. Bh6 Nc5 18. Bxg7 Kxg7 19. Qe2 Ncxd3 20. cxd3
Rxd3 21. Rd1 Rfd8 22. Rxd3 Rxd3 23. Kh1 Qd6 24. a3 b5 25. Qc2 Qd4 26. Re2 a5 27.
Re1 Rd2 28. Rd1 Rxc2 29. Rxd4 Rxb2 30. a4 b4 31. Nd1 Ra2 32. Kh2 Nf3+ 0-1

[Event "World Senior 65+ 2014"]
[Site "Katerini GRE"]
[Date "2014.10.27"]
[Round "4.40"]
[White "Lelis, Janis"]
[Black "Rubinstein, Mark"]
[Result "1/2-1/2"]
[WhiteElo "1846"]
[BlackElo "1931"]
[WhiteFideId "11604328"]
[BlackFideId "2807076"]
[EventDate "2014.10.24"]

1. d4 e6 2. c4 d5 3. Nc3 c6 4. Bf4 dxc4 5. e3 b5 6. a4 b4 7. Ne4 f5 8. Nd2 Nf6
9. Bxc4 Nd5 10. Be5 Nd7 11. Ngf3 N7f6 12. O-O a5 13. Qe2 Be7 14. h3 O-O 15. Rfd1
Bd7 16. Nb3 Qb6 17. Bh2 Qd8 18. Nc5 Bc8 19. Rac1 Bxc5 20. dxc5 Ne4 21. Ne5 Qe8
22. f3 Nef6 23. e4 fxe4 24. fxe4 Nc7 25. Rd6 Bb7 26. Rcd1 Kh8 27. Qd3 Rc8 28.
Nd7 Rf7 29. Nxf6 gxf6 30. Rd7 Rxd7 31. Qxd7 Ba6 32. Bb3 e5 33. Rd6 Qxd7 34. Rxd7
Be2 35. Kf2 Bh5 36. Bc4 Ne8 37. g4 Bg6 38. Kf3 Rc7 39. Rd8 Ra7 40. g5 Kg7 41. h4
h6 42. Rc8 hxg5 43. hxg5 Rc7 44. Rd8 Rb7 45. b3 Rc7 46. Ke3 Ra7 47. Rd1 Re7 48.
gxf6+ Nxf6 49. Rd6 Ng4+ 50. Kf3 Nxh2+ 51. Kg3 Bxe4 52. Kxh2 Kf8 53. Kg3 Rc7 54.
Re6 Re7 55. Rd6 Rc7 56. Kf2 Bh7 57. Ke3 e4 58. Re6 Kg7 59. Rd6 Kf8 60. Re6 Rc8
61. Rh6 Rc7 62. Re6 Rc8 63. Rf6+ Ke8 64. Rh6 Rc7 65. Rd6 Rc8 66. Rf6 Rc7 67. Rd6
Rc8 68. Kd4 1/2-1/2

[Event "World Senior 65+ 2014"]
[Site "Katerini GRE"]
[Date "2014.10.27"]
[Round "4.41"]
[White "Booth, Anthony"]
[Black "Yakovlev, Yuri S."]
[Result "0-1"]
[WhiteElo "1796"]
[BlackElo "1992"]
[WhiteFideId "4302699"]
[BlackFideId "4173929"]
[EventDate "2014.10.24"]

1. e4 c5 2. Nc3 a6 3. a4 b6 4. g3 Bb7 5. Bg2 e6 6. Nf3 Be7 7. d4 d6 8. O-O h5 9.
h4 Nh6 10. d5 e5 11. Ng5 g6 12. f3 Nd7 13. Bh3 Bc8 14. f4 Nf6 15. f5 gxf5 16.
exf5 Nhg4 17. Bxg4 hxg4 18. Nge4 Rg8 19. Bg5 Nxe4 20. Nxe4 f6 21. Be3 Bf8 22. c4
Ra7 23. Kg2 Rh7 24. Nxf6+ Qxf6 25. Bg5 Rxg5 26. hxg5 Qxg5 27. Qd3 Bd7 28. b3 Rf7
29. Qe2 Bxf5 30. Rae1 Qg6 31. Rf4 Kd7 32. Rf2 Be7 33. Rd1 Be4+ 34. Kg1 Bf3 35.
Qd3 e4 36. Qf1 e3 37. Rxf3 gxf3 38. Qh3+ Qf5 39. g4 Rg7 40. Kh2 Qxg4 41. Re1
Qxh3+ 42. Kxh3 e2 0-1

[Event "World Senior 65+ 2014"]
[Site "Katerini GRE"]
[Date "2014.10.27"]
[Round "4.42"]
[White "Mitsakos, Achilleas"]
[Black "Zamahari, Abang Draup"]
[Result "0-1"]
[WhiteElo "1584"]
[BlackElo "1603"]
[WhiteFideId "4207726"]
[BlackFideId "5704057"]
[EventDate "2014.10.24"]

1. e4 e5 2. Nf3 Nc6 3. Bc4 Bc5 4. Nc3 h6 5. O-O Nf6 6. h3 O-O 7. d3 Be7 8. a3 d6
9. Be3 Nh7 10. Nd5 Kh8 11. Qd2 f5 12. exf5 Bxf5 13. g4 Bxg4 14. Nxe5 Nxe5 15.
hxg4 Nf3+ 16. Kg2 Nxd2 17. Bxd2 c6 18. Nf4 Qe8 19. Be6 Bg5 20. Bf5 Bxf4 21. Bxf4
Rf6 22. Rae1 Qf8 23. Re3 g6 0-1